Základy podnikania a manažmentu pre študentov nemanažérskych študijných odborov

Gespeichert in:
Bibliographische Detailangaben
1. Verfasser: Papula, Ján
Weitere Verfasser: Papulová, Zuzana
Format: Buch
Sprache:Slowakisch
Veröffentlicht: Bratislava KARTPRINT 2004
Schlagworte:
Tags: Tag hinzufügen
Keine Tags, Fügen Sie das erste Tag hinzu!

MARC

LEADER 00000nam$a2200000$$$4500
001 0036141
005 20240226123131.4
020 |a 80-88870-37-2 
041 0 |a slo 
044 |a SK 
245 1 0 |a Základy podnikania a manažmentu  |b pre študentov nemanažérskych študijných odborov  |c Ján Papula, Zuzana Papulová 
264 1 |a Bratislava  |b KARTPRINT  |c 2004 
300 |a 223 s. 
610 2 0 |a podnikanie 
610 2 0 |a podnik 
610 2 0 |a živnosti 
610 2 0 |a spoločnosti obchodné 
610 2 0 |a spoločnosti kapitálové 
610 2 0 |a družstvá 
610 2 0 |a podnikanie malé 
610 2 0 |a podnikanie stredné 
610 2 0 |a náklady 
610 2 0 |a zisk 
610 2 0 |a situácia finančná podniku 
610 2 0 |a plán podnikateľský 
610 2 0 |a manažment 
610 2 0 |a stratégia podniková 
610 2 0 |a plánovanie podnikové 
610 2 0 |a organizácia podniku 
610 2 0 |a vedenie ľudí 
610 2 0 |a vedenie podniku 
100 1 |a Papula, Ján 
700 1 |a Papulová, Zuzana